00442nam a2200121Ia 4500008004100000041001200041082002000053100005800073245013700131250001700268260002700285300000800312231221s9999 xx 000 0 und d aEnglish a658.5 ASW;1 R aAswathappa, K. Sudarrshna Reddy, G. Krishna Reddy, B. 0aProduction and operations management : as per new syllabus for fourth semester, BBM, Bangslore University with effect from 2004-2005 a2nd rev. ed. c2007bHimalayaaMumbai a371